000
00391nam a2200133Ia 4500
008
100328s9999 xx 000 0 und d
082
_b
65635
100
_a
देशमुख भास्कर.
245
_a
बीज उद्याची.
260
_b
सुपर्ण.
630
_a
बीज उद्याची.
730
_a
बीज उद्याची.
942
_c
BOOK
999
_c
551380
_d
551377